[Event "Daehne Cup Region 15/16 III"]
[Site "Burgdorf"]
[Date "2016.01.25"]
[Round "1"]
[White "Waldeck, Juergen"]
[Black "Frese, Immo"]
[Result "0-1"]
[WhiteElo "1235"]
[BlackElo "1630"]
[PlyCount "80"]
[EventDate "2016.01.25"]
[EventType "k.o."]
[EventRounds "4"]
[EventCountry "GER"]
[SourceTitle "EXT 2022"]
[Source "ChessBase"]
[SourceDate "2021.10.06"]
[SourceVersion "1"]
[SourceVersionDate "2021.10.06"]
[SourceQuality "1"]

1. Nf3 Nf6 2. Nc3 d5 3. d4 e6 4. a3 Be7 5. h3 0-0 6. Bf4 a6 7. e3 Nbd7 8. Bd3 c5 9. Ne5 Nxe5 10. Bxe5 b5 11. Bxf6 Bxf6 12. dxc5 Bxc3+ 13. bxc3 Qc7 14. Qh5 g6 15. Qh6 Qxc5 16. Kd2 Bb7 17. Rhf1 Rac8 18. g4 Qxc3+ 19. Ke2 e5 20. f4 e4 21. f5 exd3+ 22. cxd3 Qg7 23. Qf4 Rc2+ 24. Kf3 Qf6 25. Rg1 Re8 26. Qh6 Rc3 27. Rad1 Qe5 28. Rge1 d4+ 29. e4 Bxe4+ 30. Rxe4 Qxe4+ 31. Kg3 Qe3+ 32. Qxe3 Rxe3+ 33. Kf4 Rcxd3 34. Rc1 Rc3 35. Rd1 Red3 36. Re1 f6 37. fxg6 Rf3+ 38. Ke4 Rfe3+ 39. Rxe3 dxe3 40. gxh7+ Kxh7 0-1

[Event "Daehne Cup Region 13/14 III"]
[Site "Burgdorf"]
[Date "2014.02.17"]
[Round "2"]
[White "Loessing, Thorsten"]
[Black "Waldeck, Juergen"]
[Result "1-0"]
[WhiteElo "1465"]
[BlackElo "1273"]
[PlyCount "81"]
[EventDate "2014.02.03"]
[EventType "k.o."]
[EventRounds "4"]
[EventCountry "GER"]
[SourceTitle "EXT 2022"]
[Source "ChessBase"]
[SourceDate "2021.10.06"]
[SourceVersion "1"]
[SourceVersionDate "2021.10.06"]
[SourceQuality "1"]

1. e4 b6 2. Nc3 e5 3. Nf3 Nc6 4. g3 Nf6 5. Bg2 Bb7 6. 0-0 Bb4 7. Nd5 Nxe4 8. Nxb4 Nxb4 9. Re1 d6 10. c3 Na6 11. d3 Nf6 12. Nxe5 Qc8 13. Ng6+ Kd8 14. Nxh8 Bxg2 15. Nxf7+ Kd7 16. Kxg2 Qb7+ 17. Qf3 Qxf3+ 18. Kxf3 Rf8 19. Ng5 Nc5 20. Kg2 Nxd3 21. Re2 Kc6 22. Ne6 Rg8 23. Bg5 Ne8 24. Rd1 Ne5 25. a4 h6 26. Bc1 g5 27. b3 Rg6 28. Nd4+ Kd7 29. f4 gxf4 30. Bxf4 Ng4 31. Rde1 Ngf6 32. Re7+ Kc8 33. Rxe8+ Nxe8 34. Rxe8+ Kd7 35. Re6 Rxe6 36. Nxe6 Kxe6 37. Bxh6 c5 38. Kf3 Kf5 39. g4+ Kg6 40. g5 a6 41. Ke4 1-0

[Event "Daehne Cup Region II Restturnier"]
[Site "Burgdorf"]
[Date "2011.03.21"]
[Round "5.2"]
[White "Waldeck, Juergen"]
[Black "Baum, Frank Christian"]
[Result "0-1"]
[WhiteElo "1345"]
[BlackElo "1634"]
[PlyCount "120"]
[EventDate "2011.02.14"]
[EventType "swiss"]
[EventCountry "GER"]
[SourceTitle "EXT 2022"]
[Source "ChessBase"]
[SourceDate "2021.10.06"]
[SourceVersion "1"]
[SourceVersionDate "2021.10.06"]
[SourceQuality "1"]

1. e4 e6 2. e5 d5 3. d4 c5 4. Nf3 Nc6 5. Be3 cxd4 6. Bxd4 Nge7 7. Bb5 Nf5 8. Bxc6+ bxc6 9. Nc3 c5 10. Be3 d4 11. Bg5 Qa5 12. 0-0 dxc3 13. bxc3 Ba6 14. Re1 h6 15. Bd2 c4 16. Re4 Rd8 17. Qb1 Bc5 18. Qc1 Ba3 19. Qe1 Qc7 20. Nh4 Nxh4 21. Rxh4 Ke7 22. Be3 Rd5 23. Bd4 Rhd8 24. Rd1 Rxe5 25. Re4 Rxe4 26. Qxe4 Bb7 27. Qe3 Qc6 28. f3 Kf8 29. Bxg7+ Ke8 30. Bd4 Bf8 31. Rb1 Rd5 32. Bxa7 Rb5 33. Ra1 Bc5 34. Bxc5 Qxc5 35. Qxc5 Rxc5 36. Rb1 Bd5 37. Rb4 Rc7 38. a4 Kd7 39. Kf2 Kc6 40. f4 f6 41. g4 e5 42. fxe5 fxe5 43. h4 Rf7+ 44. Ke1 Rf4 45. a5 Rxg4 46. Rb6+ Kc5 47. Rxh6 Rg1+ 48. Kf2 Rg2+ 49. Ke1 Rxc2 50. Rb6 Ra2 51. Ra6 Kb5 52. Ra7 Rxa5 53. Rxa5+ Kxa5 54. h5 Be4 55. Kd2 Ka4 56. Kc1 Kb3 57. Kd2 Bf5 58. h6 e4 59. Ke3 Kxc3 60. Kf4 Bh7 0-1

[Event "Daehne Cup Region II Restturnier"]
[Site "Burgdorf"]
[Date "2011.03.07"]
[Round "4.2"]
[White "Majewski, Thomas"]
[Black "Waldeck, Juergen"]
[Result "1-0"]
[WhiteElo "1751"]
[BlackElo "1345"]
[PlyCount "57"]
[EventDate "2011.02.14"]
[EventType "swiss"]
[EventCountry "GER"]
[SourceTitle "EXT 2022"]
[Source "ChessBase"]
[SourceDate "2021.10.06"]
[SourceVersion "1"]
[SourceVersionDate "2021.10.06"]
[SourceQuality "1"]

1. e4 e5 2. Nf3 Nc6 3. Bb5 d6 4. d4 exd4 5. Nxd4 Bd7 6. Nc3 a6 7. Bxc6 bxc6 8. Qd3 h6 9. Be3 Nf6 10. f3 c5 11. Nde2 Be6 12. 0-0-0 Be7 13. g4 Nd7 14. f4 Bxg4 15. Rhg1 Nf6 16. e5 dxe5 17. Qxd8+ Rxd8 18. Rxd8+ Kxd8 19. fxe5 Bxe2 20. exf6 gxf6 21. Nxe2 Bd6 22. Bf4 Re8 23. Bxd6 Rxe2 24. Rg8+ Kd7 25. Bg3 c4 26. Rh8 c6 27. Rxh6 Ke6 28. Rh8 f5 29. Re8+ 1-0